Normal view
MARC view
- Baydoun,Nabil/Akira Nishimura/Roger Willet
Entry Personal Name
001 - CONTROL NUMBER
- control field: 3161
003 - CONTROL NUMBER IDENTIFIER
- control field: JO-AjAnu
005 - DATE AND TIME OF LATEST TRANSACTION
- control field: 20230606070824.0
008 - FIXED-LENGTH DATA ELEMENTS
- fixed length control field: 230606|| aca||aabn | a|a d
040 ## - CATALOGING SOURCE
- Original cataloging agency: JO-AjAnu
- Transcribing agency: JO-AjAnu
100 ## - HEADING--PERSONAL NAME
- Personal name: Baydoun,Nabil/Akira Nishimura/Roger Willet
670 ## - SOURCE DATA FOUND
- Source citation: Work cat.: (JO-AjAnu)1656: Baydoun,Nabil/Akira Nishimura/Roger Willet, author, Accounting in the Asia- Pacific Region